| 000 | 01249nam a2200253 i 4500 | ||
|---|---|---|---|
| 001 | 23028 | ||
| 003 | ES-MaACL | ||
| 005 | 20251001143453.0 | ||
| 007 | t| | ||
| 008 | 021205s1973 sp ||||1| spa d | ||
| 020 | _a84-204-0297-4 | ||
| 080 | _a929(460)"19" | ||
| 080 | _a75 Moreno, Rafael | ||
| 100 | 1 |
_aAlvarez Villamil, Isabel. _920996 |
|
| 245 | 1 | 0 |
_aRetratos intemporales : _bsobre la obra pictórica de Rafael Moreno / _cIsabel Álvarez Villamil ; [José Camón Aznar]. |
| 260 |
_aMadrid : _bAlfaguara, _c[1973] |
||
| 300 |
_a115 p., 20 lám. col. ; _c18 x 25 cm. |
||
| 505 | 8 | _aContiene: El marqués de Luca de Tena ; Ana María Matute ; Miguel Mihura ; Camilo José Cela ; José María Pemán ; Joaquín Calvo Sotelo ; Antonio ; Luis María Ansón ; Joaquín Rodrigo ; Conrado Blanco ; José María Alfaro y Polanco ; José Camón Aznar ; Antonio Buero Vallejo ; Fernando Rey ; Antonio Mingote ; Juan Antonio Vallejo-Nájera ; Jesús Iribas de Miguel ; Álvaro de Laiglesia ; Gerardo Diego ; Pilar López | |
| 600 | 1 | 4 |
_aMoreno, Rafael, _d1945- _9174416 |
| 650 | 4 |
_aEspañoles- _yS.XX- _xBiografías. _912480 |
|
| 700 | 1 |
_aCamón Aznar, José, _d1898-1979 _934095 |
|
| 852 | 4 |
_aES-MaACL _jC-54599 |
|
| 999 |
_c23028 _d23028 |
||